QUEST Central Library Banner

Letters of Iqbal to jinnah (Record no. 14773)

MARC details
000 -LEADER
fixed length control field 00213nam a22001097a 4500
082 ## - DEWEY DECIMAL CLASSIFICATION NUMBER
Classification number JIN
100 ## - MAIN ENTRY--AUTHOR NAME
Personal name M A Jinnah
245 ## - TITLE STATEMENT
Title Letters of Iqbal to jinnah
260 ## - PUBLICATION, DISTRIBUTION, ETC. (IMPRINT)
Place of publication Lahore
Year of publication 1974
300 ## - PHYSICAL DESCRIPTION
Number of Pages IRP
942 ## - ADDED ENTRY ELEMENTS (KOHA)
Koha item type Books
Holdings
Withdrawn status Lost status Home library Current library Date acquired Cost, normal purchase price Full call number Accession Number Koha item type
    Central Library, QUEST, Nawabshah Central Library, QUEST, Nawabshah 24/11/2015 5.00 JIN 13217 Books
    Central Library, QUEST, Nawabshah Central Library, QUEST, Nawabshah 24/11/2015 5.00 JIN 13218 Books
    Central Library, QUEST, Nawabshah Central Library, QUEST, Nawabshah 24/11/2015 5.00 JIN 13219 Books
    Central Library, QUEST, Nawabshah Central Library, QUEST, Nawabshah 24/11/2015 5.00 JIN 13220 Books
    Central Library, QUEST, Nawabshah Central Library, QUEST, Nawabshah 24/11/2015 5.00 JIN 13221 Books

Copyright © 2018,The QUEST, Nawabshah, Shaheed Benazirabad. All rights reserved
Mr. G. Farooq Channar (Librarian) QUEST, Nawabshah, Sindh, Pakistan 67480.
 Ph#: |   0244-9370381-4 Ext. 2308   Email| lib@quest.edu.pk   Web|  http://www.quest.edu.pk